000 00820nam a2200217Ia 4500
999 _c39840
_d39840
001 6445
003 GE_BSU
005 20191015115541.0
008 181216s1976||||g |||||||||||||| ||geo||
040 _cGE_BSU
041 _ageo
080 _a821.353.1-1 ბ-52
100 _aბერიაშვილი, ბერდია
_94710
245 _aმზე შინა :
_bლექსები /
_c ბერდია ბერიაშვილი ; რედ. შ. მირცხულავა.
264 _aთბილისი :
_bსაბჭ.საქართველო ;
_c1976.
300 _a118 გვ.;
_c16 სმ.
653 _aმზე შინა
653 _aლექსები
700 _aმირცხულავა, მ.
_eრედაქტორი
_94711
942 _cBK
_2udc